[Event "HUN-chT2 Szechenyi 1617"]
[Site "Hungary"]
[Date "2017.02.26"]
[Round "9.2"]
[White "Kiss, Csaba"]
[Black "Juhasz, Judit"]
[Result "0-1"]
[WhiteElo "1834"]
[BlackElo "1905"]
[PlyCount "42"]
[EventDate "2016.09.25"]
[EventType "team-tourn"]
[EventRounds "11"]
[EventCountry "HUN"]
[SourceTitle "EXT 2021"]
[Source "ChessBase"]
[SourceDate "2020.10.23"]
[SourceVersion "1"]
[SourceVersionDate "2020.10.23"]
[SourceQuality "1"]
[WhiteTeam "Papa"]
[BlackTeam "Tapolca VSE II"]
[WhiteTeamCountry "HUN"]
[BlackTeamCountry "HUN"]

1. d4 Nf6 2. c4 g6 3. Nc3 Bg7 4. e4 d6 5. Bd3 0-0 6. Nge2 c5 7. dxc5 dxc5 8. 0-0 Nc6 9. a3 Ne5 10. Nd5 e6 11. Nxf6+ Bxf6 12. Nf4 b6 13. Be2 Bb7 14. Qxd8 Rfxd8 15. f3 Ba6 16. Rb1 Bxc4 17. Bxc4 Nxc4 18. Kf2 Nxb2 19. Ke2 Na4 20. Rb3 c4 21. Rb4 b5 0-1

[Event "HUN-chT2 Szechenyi 1617"]
[Site "Hungary"]
[Date "2016.12.11"]
[Round "6.3"]
[White "Kiss, Csaba"]
[Black "Nagy, Tamas1"]
[Result "0-1"]
[WhiteElo "1834"]
[BlackElo "1919"]
[PlyCount "96"]
[EventDate "2016.09.25"]
[EventType "team-tourn"]
[EventRounds "11"]
[EventCountry "HUN"]
[SourceTitle "EXT 2021"]
[Source "ChessBase"]
[SourceDate "2020.10.23"]
[SourceVersion "1"]
[SourceVersionDate "2020.10.23"]
[SourceQuality "1"]
[WhiteTeam "Papa"]
[BlackTeam "Gyor Szechenyi"]
[WhiteTeamCountry "HUN"]
[BlackTeamCountry "HUN"]

1. d4 d5 2. c4 e6 3. e3 Nf6 4. Nc3 c6 5. Nf3 Nbd7 6. a3 Be7 7. Bd3 dxc4 8. Bxc4 b5 9. Ba2 a6 10. 0-0 Bb7 11. Ng5 h6 12. Nxe6 fxe6 13. Bxe6 Nf8 14. Ba2 Qd7 15. Qb3 0-0-0 16. Rd1 Bd6 17. e4 Bc7 18. e5 Nd5 19. Ne4 Ne6 20. a4 Kb8 21. axb5 cxb5 22. Nc3 Rhe8 23. Be3 Nef4 24. Nxd5 Nxd5 25. Rac1 Bb6 26. Bb1 Rc8 27. h3 Nxe3 28. fxe3 Qd5 29. Qxd5 Bxd5 30. Bf5 Rxc1 31. Rxc1 Kb7 32. Kh2 Rf8 33. g4 g6 34. Bxg6 Rf2+ 35. Kg1 Rg2+ 36. Kf1 Rh2 37. Rc3 Rxh3 38. e4 Bc4+ 39. Kg2 Rxc3 40. bxc3 Ba5 41. Kf3 Bxc3 42. Ke3 a5 43. Bf5 Kc7 44. e6 Kd8 45. e5 Bd5 46. Bd3 b4 47. Kf4 Ke7 48. Be4 Kxe6 0-1

[Event "HUN-chT2 Szechenyi 1415"]
[Site "Hungary"]
[Date "2014.10.12"]
[Round "3.4"]
[White "Nemeth, Zsolt"]
[Black "Kiss, Csaba"]
[Result "1-0"]
[WhiteElo "2007"]
[BlackElo "1797"]
[PlyCount "133"]
[EventDate "2014.09.07"]
[EventType "team-tourn"]
[EventRounds "11"]
[EventCountry "HUN"]
[SourceTitle "EXT 2016"]
[Source "ChessBase"]
[SourceDate "2015.10.08"]
[SourceVersion "1"]
[SourceVersionDate "2015.10.08"]
[SourceQuality "1"]
[WhiteTeam "Keszthely"]
[BlackTeam "Papa"]
[WhiteTeamCountry "HUN"]
[BlackTeamCountry "HUN"]

1. e4 e6 2. d4 d5 3. e5 c5 4. c3 Nc6 5. Nf3 Qb6 6. a3 Bd7 7. b4 cxb4 8. cxb4 Nge7 9. Be3 Nf5 10. Bd3 Nxe3 11. fxe3 Be7 12. 0-0 h6 13. Nc3 Qd8 14. Rc1 Rc8 15. Na4 b6 16. Ba6 Rc7 17. Rf2 Nb8 18. Rxc7 Qxc7 19. Bd3 0-0 20. Rc2 Qb7 21. Qc1 Rc8 22. Nd2 Bg5 23. Kf2 f5 24. Rxc8+ Qxc8 25. Qxc8+ Bxc8 26. Nc3 a6 27. Nb3 Kf7 28. h3 Be7 29. Ke2 Bd7 30. Kd2 Ke8 31. Ne2 Ba4 32. Kc3 Kd7 33. g4 fxg4 34. hxg4 Bh4 35. e4 Be1+ 36. Nd2 dxe4 37. Bxe4 Bc6 38. Kd3 Bb5+ 39. Ke3 Nc6 40. Bd3 Bf2+ 41. Kxf2 Bxd3 42. Nf4 Bb5 43. Ke3 Ne7 44. Ne4 Bc6 45. Nc3 g6 46. a4 Ba8 47. b5 a5 48. Nd3 Bd5 49. Nxd5 Nxd5+ 50. Kd2 Ke7 51. Nf2 h5 52. gxh5 gxh5 53. Ne4 Nc7 54. Nf6 h4 55. Ke3 Kf7 56. Kf4 Kg6 57. Kg4 h3 58. Kxh3 Kf5 59. Kg3 Nxb5 60. axb5 a4 61. Kf3 a3 62. Ng4 a2 63. Ne3+ Kg5 64. Nc2 Kf5 65. Ke3 Kg5 66. Ke4 Kg6 67. d5 1-0